All Teams to Ever Play ICC (International Cricket Council) World Cup - Statistics

General Stats
  • This quiz has been taken 762 times
    173 since last reset
  • The average score is 24 of 35
Answer Stats
Team % Correct
India
100%
Pakistan
99%
Australia
97%
England
96%
South Africa
96%
Bangladesh
95%
New Zealand
95%
Sri Lanka
94%
United States
93%
West Indies
93%
Ireland
89%
Scotland
88%
Afghanistan
86%
Canada
86%
Zimbabwe
85%
Netherlands
84%
Kenya
83%
Nepal
77%
Namibia
70%
United Arab Emirates
69%
Oman
64%
Papua New Guinea
62%
Japan
53%
Uganda
46%
Hong Kong
42%
East Africa
39%
Malaysia
39%
Fiji
38%
Thailand
37%
Bermuda
36%
Nigeria
36%
Indonesia
35%
Samoa
30%
Denmark
26%
Rwanda
13%
No matching quizzes found
Score Distribution
Percent of People with Each Score
Percentile by Number Answered
Your Score History
You have not taken this quiz since the last reset